Chaîne de mots de 5 lettres - Statistiques

Statistiques générales
  • Ce quiz a été pris 147 fois
  • Le résultat moyen est 12 sur 20
Statistiques - réponses
Hint Réponse % Correct
Avant l'Euro Franc
93%
Allure maximale d'un cheval Galop
92%
Partie la plus large d'un arbre Tronc
88%
Petit lac Etang
82%
Ferme américaine Ranch
81%
Chaussure autrefois fabriquée en bois Sabot
79%
Compétence nécessaire pour gagner au poker Bluff
78%
Relatif aux chiens Canin
78%
Prénom de Malefoy Drago
75%
Genre musical ou habitation en anglais House
69%
Selon la légende, les garçons y naissent Choux
66%
Pb 82 Plomb
65%
Propagations d'un caillou dans l'eau ou d'une vibration Ondes
58%
Chef-lieu des Deux-Sèvres Niort
47%
A l'attention de quelqu'un : à son ____ Egard
41%
Fausse note maladroite Couac
33%
C'est ainsi qu'on écrit parfois dans les poèmes le synonyme de "une fois de plus" Encor
25%
Amoureux de Bérénice Titus
14%
Gouffre très profond Abîme
8%
Précieux aux yeux d'un croyant Sacré
5%
Aucun quiz correspondant
Distribution des résultats
% des personnes avec chaque résultat
Percentile par nombre de réponses
Votre historique - résultats
Vous n’avez pas pris ce quiz